| 000 | 00696nam a22002057a 4500 | ||
|---|---|---|---|
| 005 | 20100816121430.0 | ||
| 010 | _aENG-100575 | ||
| 020 |
_a8177355163 _c50.00 |
||
| 035 | _aEN-84108 | ||
| 037 | _bDBAD/PUB | ||
| 082 | _a025.04 | ||
| 100 |
_aGanambal,S _913865 |
||
| 245 |
_aA survey on semantic web / _cby S Gnanambal |
||
| 260 |
_aChennai _bPavai Publications _c2008 |
||
| 270 |
_a142 Jani Jan Khan Road Royapettah _bChennai _e600014 |
||
| 300 |
_avii,104p _c20cm(pbk) |
||
| 500 | _aIncludes index | ||
| 942 |
_2ddc _cEN _h025.04 _mGNA |
||
| 999 |
_c42100 _d42100 |
||